| 000 | 00000nam##2200000za#4500 |
| 001 | 9.571216 |
| 003 | CaOODSP |
| 005 | 20210624182621 |
| 007 | cr ||||||||||| |
| 008 | 150406|1993||||xxc|||||o f|0| 0 eng|d |
| 040 | |aCaOODSP|beng |
| 043 | |an-cn--- |
| 086 | 1 |aEn1-17/10-1993E-PDF |
| 110 | 1 |aCanada.|bEnvironment Canada. |bTechnology Development Section. |
| 245 | 10|aContaminated sediment. Guide to assessing and selecting treatment technologies for contaminated sediment |h[electronic resource] |
| 260 | |aMontreal - Quebec : |bEnvironment Canada. |cSeptember 1993. |
| 300 | |a4p.|bfig., table, photographs |
| 490 | 1 |aSt. Lawrence technologies |
| 590 | |a12-02-Supp|b2012-01-20 |
| 690 | 07|aSoil pollution|2gcpds |
| 775 | 08|tSédiments contaminés. Guide pour l'évaluation et le choix des technologies de traitement des sédiments contaminés |w(CaOODSP)9.601843 |
| 776 | 0#|tContaminated sediment: guide to assessing and selecting treatment technologies for contaminated sediment / |w(CaOODSP)9.610561 |
| 830 | #0|aSt. Lawrence technologies.|w(CaOODSP)9.504441 |
| 856 | 40|ahttp://publications.gc.ca|qPDF|s435 KB|uhttps://publications.gc.ca/collections/Collection/En1-17-10-1993E.pdf |